Upgrade your own PC / (Record no. 10458)
[ view plain ]
| 000 -LEADER | |
|---|---|
| fixed length control field | 01217cam a2200325 a 4500 |
| 001 - CONTROL NUMBER | |
| control field | 12208879 |
| 003 - CONTROL NUMBER IDENTIFIER | |
| control field | OSt |
| 005 - DATE AND TIME OF LATEST TRANSACTION | |
| control field | 20140310182210.0 |
| 008 - FIXED-LENGTH DATA ELEMENTS--GENERAL INFORMATION | |
| fixed length control field | 001023s2000 nyua 001 0 eng d |
| 010 ## - LIBRARY OF CONGRESS CONTROL NUMBER | |
| LC control number | 00700071 |
| 020 ## - INTERNATIONAL STANDARD BOOK NUMBER | |
| International Standard Book Number | 9780071203647 |
| 035 ## - SYSTEM CONTROL NUMBER | |
| System control number | (OCoLC)ocm44764960 |
| 035 ## - SYSTEM CONTROL NUMBER | |
| System control number | 906721 |
| 040 ## - CATALOGING SOURCE | |
| Original cataloging agency | JBR |
| Transcribing agency | JBR |
| Modifying agency | DLC |
| 042 ## - AUTHENTICATION CODE | |
| Authentication code | lccopycat |
| 050 00 - LIBRARY OF CONGRESS CALL NUMBER | |
| Classification number | TK 7887 |
| Item number | .Sa333 2000 |
| 082 00 - DEWEY DECIMAL CLASSIFICATION NUMBER | |
| Classification number | HS 621.3916 |
| Item number | Sa5 2000 |
| 100 1# - MAIN ENTRY--PERSONAL NAME | |
| Personal name | Sandler, Corey, |
| Dates associated with a name | 1950- |
| 9 (RLIN) | 16751 |
| 245 10 - TITLE STATEMENT | |
| Title | Upgrade your own PC / |
| Statement of responsibility, etc | Corey Sandler. |
| 260 ## - PUBLICATION, DISTRIBUTION, ETC. (IMPRINT) | |
| Place of publication, distribution, etc | New York: |
| Name of publisher, distributor, etc | McGraw-Hill, |
| Date of publication, distribution, etc | c2000. |
| 300 ## - PHYSICAL DESCRIPTION | |
| Extent | xiii, 154 p. : |
| Other physical details | ill. ; |
| Dimensions | 28 cm. |
| 650 #0 - SUBJECT ADDED ENTRY--TOPICAL TERM | |
| Topical term or geographic name as entry element | Microcomputers |
| General subdivision | Upgrading |
| Form subdivision | Amateurs' manuals. |
| 9 (RLIN) | 16752 |
| 856 42 - ELECTRONIC LOCATION AND ACCESS | |
| Materials specified | Publisher description |
| Uniform Resource Identifier | <a href="http://www.loc.gov/catdir/description/mh021/00700071.html">http://www.loc.gov/catdir/description/mh021/00700071.html</a> |
| 856 41 - ELECTRONIC LOCATION AND ACCESS | |
| Materials specified | Table of contents |
| Uniform Resource Identifier | <a href="http://www.loc.gov/catdir/toc/mh021/00700071.html">http://www.loc.gov/catdir/toc/mh021/00700071.html</a> |
| 856 42 - ELECTRONIC LOCATION AND ACCESS | |
| Materials specified | Contributor biographical information |
| Uniform Resource Identifier | <a href="http://www.loc.gov/catdir/enhancements/fy0707/00700071-b.html">http://www.loc.gov/catdir/enhancements/fy0707/00700071-b.html</a> |
| 906 ## - LOCAL DATA ELEMENT F, LDF (RLIN) | |
| a | 7 |
| b | cbc |
| c | copycat |
| d | 2 |
| e | ncip |
| f | 20 |
| g | y-gencatlg |
| 942 ## - ADDED ENTRY ELEMENTS (KOHA) | |
| Source of classification or shelving scheme | Library of Congress Classification |
| Withdrawn status | Lost status | Source of classification or shelving scheme | Damaged status | Home library | Current library | Shelving location | Date acquired | Total Checkouts | Full call number | Barcode | Date last seen | Copy number | Price effective from | Koha item type |
|---|---|---|---|---|---|---|---|---|---|---|---|---|---|---|
| Library of Congress Classification | Luxembourg Library | Luxembourg Library | High School Section | 09/06/2013 | TK 7887 .Sa333 2000 | 12355 | 09/06/2013 | 1 | 09/06/2013 | Books |